Explaining Cardiac Surgery : Patient assessment and care (Record no. 156385)

MARC details
000 -LEADER
fixed length control field 00429nam a2200145Ia 4500
008 - FIXED-LENGTH DATA ELEMENTS--GENERAL INFORMATION
fixed length control field 230411s9999 xx 000 0 und d
020 ## - INTERNATIONAL STANDARD BOOK NUMBER
International Standard Book Number 0-7279-0853-7
041 ## - LANGUAGE CODE
Language code of text/sound track or separate title eng
082 ## - DEWEY DECIMAL CLASSIFICATION NUMBER
Classification number MS/617.412/MIL/TRE/B05921
100 ## - MAIN ENTRY--PERSONAL NAME
Personal name Millner Russell & Treasure Tom
9 (RLIN) 178776
245 ## - TITLE STATEMENT
Title Explaining Cardiac Surgery : Patient assessment and care
260 ## - PUBLICATION, DISTRIBUTION, ETC. (IMPRINT)
Name of publisher, distributor, etc. BMJ Publishing Group
Place of publication, distribution, etc. London
Date of publication, distribution, etc. 1995
300 ## - PHYSICAL DESCRIPTION
Extent 184p
Holdings
Withdrawn status Lost status Damaged status Not for loan Collection code Home library Current library Date acquired Vendor Cost, normal purchase price Total Checkouts Full call number Barcode Date last seen Cost, replacement price Bill Date Koha item type Original Barcode
        MS Smt. Bakul Tambat Institute of Nursing Education Smt. Bakul Tambat Institute of Nursing Education 13/01/2010 British Library 75.00   MS 617.412 MIL TRE B05921 BTIN-BK-5921 11/04/2023 75.00 13/01/2010 Books B05921